| 000 | 00478nam a2200169 a 4500 | ||
|---|---|---|---|
| 005 | 20230524063601.0 | ||
| 008 | 011121s1906 mx r 000 0 spa d | ||
| 035 | _aUPN01000113986 | ||
| 049 | _aLT | ||
| 050 | 4 |
_aLB1589 M6.1 _bZ4.2 |
|
| 100 | 1 | _aZenil, Baldomero | |
| 245 | 1 | 0 |
_aAritmética intuitiva / _cBaldomero Zenil. |
| 260 |
_aMéxico : _bVda. de C. Bouret, _c1906. |
||
| 300 | _a120 p. | ||
| 650 | 4 |
_aAritmética _xEstudio y enseñanza (Elemental) _95289 |
|
| 905 | _aLibro | ||
| 999 |
_c87894 _d87894 |
||